000 00674nam a2200205Ii 4500
003 JO-AjNU
008 230605s9999||||xx |||||||||||||| ||und||
040 _aJO-AjNU
_bara
_erda
_cJO-AjNU
041 _aara
050 1 4 _aHF5655.A7.S5298 1986
100 3 _aيونس، طه احمد الشيخ,
_eauthor
_910502
245 0 0 _aمبادىء المحاسبة، ج1
250 _aط منقحة
264 3 1 _aبغداد: المؤلف، 1986
300 _aج1، 508ص
_bبحتوي على ببلوغرافية من ص 503-508ص
336 _atext
_btxt
_2rdacontent
337 _aunmediated
_bn
_2rdamedia
338 _avolume
_bnc
_2rdacarrier
650 4 _aالمحاسبة
_910503
999 _aA1838
_c5406
_d5406